[Event "1st EUR-ch"]
[Site "Saint Vincent ITA"]
[Date "2000.07.07"]
[Round "5"]
[White "Marcelin, Cyril"]
[Black "Lobron, Eric"]
[Result "0-1"]
[WhiteElo "2433"]
[BlackElo "2530"]
[EventDate "2000.07.03"]
[PlyCount "108"]

1.d4 d5 2.c4 e6 3.Nc3 c5 4.e3 Nf6 5.Nf3 a6 6.dxc5 Bxc5 7.a3 O-O 8.b4 Ba7 
9.Bb2 Qe7 10.Qc2 Rd8 11.Rd1 Nc6 12.Be2 d4 13.exd4 Nxd4 14.Nxd4 Bxd4 15.O-O
e5 16.Bf3 Be6 17.c5 h6 18.Na4 Bxb2 19.Nxb2 Rac8 20.Rxd8+ Rxd8 21.Re1 e4 
22.Bxe4 Bf5 23.f3 Nxe4 24.fxe4 Rd4 25.Qc3 Rxe4 26.Rxe4 Qxe4 27.Nc4 Qb1+ 
28.Kf2 Qa2+ 29.Nd2 Bd7 30.h3 Bc6 31.Kg1 h5 32.Kh2 Qd5 33.Nf3 f6 34.Qe3 Kf7
35.Qf4 g5 36.Qe3 h4 37.Qc3 Qe4 38.Qb3+ Bd5 39.Qc3 Qf4+ 40.Kg1 Qg3 41.Qd3 
Bxf3 42.Qd7+ Kf8 43.Qd8+ Kg7 44.Qe7+ Kg6 45.Qe8+ Kf5 46.Qd7+ Ke5 47.Qd6+ 
Ke4 48.Qxg3 hxg3 49.gxf3+ Kd5 50.Kg2 Kc4 51.f4 Kb3 52.fxg5 fxg5 53.Kxg3 
Kxa3 54.Kg4 Kxb4 0-1

[Event "1st EUR-ch"]
[Site "Saint Vincent ITA"]
[Date "2000.07.07"]
[Round "5"]
[White "Markowski, Tomasz"]
[Black "Kuczynski, Robert"]
[Result "1-0"]
[WhiteElo "2568"]
[BlackElo "2479"]
[EventDate "2000.07.03"]
[PlyCount "99"]

1.e4 e5 2.Nf3 Nf6 3.Nc3 Bb4 4.Nxe5 O-O 5.Be2 Re8 6.Nd3 Bxc3 7.dxc3 Nxe4 8.
O-O d6 9.Nf4 h6 10.c4 Nd7 11.Nd5 Ndf6 12.Ne3 Qe7 13.f3 Nc5 14.Re1 Bd7 15.
Bf1 Qe5 16.Re2 Ne6 17.Nd5 Qf5 18.Qd3 Qxd3 19.Nxf6+ gxf6 20.cxd3 Kh7 21.Bd2
Nd4 22.Rxe8 Rxe8 23.Kf2 Kg6 24.Rc1 h5 25.Re1 Rxe1 26.Bxe1 h4 27.Bc3 c5 28.
Ke3 Nc2+ 29.Kf4 f5 30.g3 hxg3 31.Kxg3 Nd4 32.Bd2 Nc6 33.Be2 Ne5 34.Kf2 Nc6
35.a3 a6 36.Bf4 Ne5 37.Ke3 Bc6 38.Bg3 Kf6 39.Be1 Ng6 40.f4 Ne7 41.d4 cxd4+
42.Kxd4 Ke6 43.h4 Bg2 44.Ke3 Ng8 45.Bc3 f6 46.Kd4 Ne7 47.Ke3 Nc6 48.Bd3 
Bh3 49.b4 Bg4 50.Bf1 1-0

[Event "1st EUR-ch"]
[Site "Saint Vincent ITA"]
[Date "2000.07.07"]
[Round "5"]
[White "Mikhalevski, Victor"]
[Black "Rabinovich, Alexander"]
[Result "1/2-1/2"]
[WhiteElo "2532"]
[BlackElo "2424"]
[EventDate "2000.07.03"]
[PlyCount "87"]

1.d4 d5 2.c4 c6 3.Nf3 e6 4.g3 dxc4 5.Bg2 b5 6.O-O Bb7 7.a4 Nd7 8.Nc3 a6 9.
Ne5 Nxe5 10.dxe5 Ne7 11.axb5 axb5 12.Bg5 Rxa1 13.Qxa1 Qc8 14.Qa7 Nd5 15.
Ne4 c5 16.Rd1 h6 17.Be3 Be7 18.Nd6+ Bxd6 19.exd6 O-O 20.Bxd5 exd5 21.Qxc5 
Qg4 22.Rd2 Ra8 23.f3 Qh3 24.Rd1 Qe6 25.Kf2 Re8 26.Re1 b4 27.Bd4 h5 28.Qb5 
Bc8 29.e4 Bd7 30.Qxd5 Qh3 31.Kg1 Qe6 32.Qxe6 Bxe6 33.Bc5 Rb8 34.Rd1 f6 35.
d7 Rd8 36.Rd6 Kf7 37.Bxb4 Rxd7 38.Rc6 Rd1+ 39.Kf2 Rh1 40.Bc3 Rxh2+ 41.Ke3 
Rg2 42.Rc7+ Kf8 43.e5 Rxg3 44.exf6 1/2-1/2

[Event "1st EUR-ch"]
[Site "Saint Vincent ITA"]
[Date "2000.07.07"]
[Round "5"]
[White "Romanishin, Oleg"]
[Black "Timman, Jan"]
[Result "1/2-1/2"]
[WhiteElo "2591"]
[BlackElo "2639"]
[EventDate "2000.07.03"]
[PlyCount "41"]

1.d4 d5 2.c4 c6 3.Nf3 Nf6 4.Nc3 dxc4 5.a4 Bf5 6.e3 e6 7.Bxc4 Bb4 8.O-O O-O
9.Ne2 Nbd7 10.Ng3 Bg6 11.Bd2 Qa5 12.Qe1 Bxd2 13.Qxd2 Qxd2 14.Nxd2 c5 15.
Nb3 Rfc8 16.Be2 Bc2 17.Nxc5 Nxc5 18.dxc5 a5 19.Rfc1 Rxc5 20.Bf3 Rc7 21.Ne2
1/2-1/2

[Event "1st EUR-ch"]
[Site "Saint Vincent ITA"]
[Date "2000.07.07"]
[Round "5"]
[White "Sax, Gyula"]
[Black "Sorensen, Jan"]
[Result "0-1"]
[WhiteElo "2563"]
[BlackElo "2399"]
[EventDate "2000.07.03"]
[PlyCount "144"]

1.e4 e6 2.d4 d5 3.Nc3 Bb4 4.e5 Ne7 5.a3 Bxc3+ 6.bxc3 c5 7.Qg4 Kf8 8.Qd1 
Qc7 9.Nf3 b6 10.a4 h6 11.Bd3 Ba6 12.dxc5 bxc5 13.O-O Kg8 14.Re1 Bxd3 15.
Qxd3 Nd7 16.c4 Qc6 17.cxd5 exd5 18.Ba3 Rc8 19.Nd4 Qg6 20.Qb5 Nc6 21.e6 
Nxd4 22.exd7 Rd8 23.Re8+ Kh7 24.Qxc5 Qg4 25.h3 Nf3+ 26.Kh1 Qxd7 27.Rxh8+ 
Kxh8 28.gxf3 Qxh3+ 29.Kg1 Qxf3 30.Qe3 Qg4+ 31.Qg3 Qd4 32.Rb1 Qxa4 33.Rb7 
Kg8 34.Bb2 d4 35.Qf4 Qc4 36.Rxa7 Qd5 37.Re7 Rd6 38.Re8+ Kh7 39.Qe4+ Rg6+ 
40.Kf1 Qb5+ 41.Qe2 Qxb2 42.Qd3 Qc1+ 43.Re1 Qg5 44.Re4 f5 45.Re5 Rf6 46.Re8
Qh5 47.Re5 Qg5 48.Re8 Qh5 49.Re5 Qg4 50.Rd5 Qf4 51.Rxd4 Qc1+ 52.Qd1 Qxd1+ 
53.Rxd1 Rc6 54.Rc1 Kg6 55.Ke2 f4 56.c4 Kf5 57.f3 g5 58.Kd3 h5 59.Rh1 Rd6+ 
60.Kc3 Rh6 61.c5 g4 62.fxg4+ Kxg4 63.Kd3 Re6 64.Rg1+ Kf3 65.Rh1 Rh6 66.Rc1
h4 67.Rc3 h3 68.c6 h2 69.c7 Rh8 70.Kd4+ Kg2 71.Rc2+ Kg3 72.Rc1 Rc8 0-1

[Event "1st EUR-ch"]
[Site "Saint Vincent ITA"]
[Date "2000.07.07"]
[Round "5"]
[White "Solak, Dragan"]
[Black "Pedersen, Jan"]
[Result "1-0"]
[WhiteElo "2490"]
[BlackElo "2322"]
[EventDate "2000.07.03"]
[PlyCount "97"]

1.e4 e6 2.d4 d5 3.Nd2 Nf6 4.e5 Nfd7 5.f4 c5 6.c3 b6 7.Bd3 cxd4 8.cxd4 Ba6 
9.Bb1 Nc6 10.Ndf3 Qc7 11.Ne2 Rc8 12.Bd2 Nb4 13.Bc3 Qc4 14.Nc1 Qc7 15.a3 
Nc6 16.Ne2 Na5 17.f5 Bxe2 18.Kxe2 Be7 19.Re1 Nc4 20.a4 g6 21.fxe6 fxe6 22.
Bd3 O-O 23.Rc1 Rxf3 24.Kxf3 Bg5 25.g3 Bxc1 26.Qxc1 Ncxe5+ 27.dxe5 Nxe5+ 
28.Rxe5 Qxe5 29.Qf4 Qxf4+ 30.Kxf4 Rf8+ 31.Ke3 Re8 32.Kd4 Rf8 33.Ke3 Re8 
34.Bb5 Re7 35.Be5 Rf7 36.Bd3 Rf8 37.b4 Rc8 38.a5 bxa5 39.bxa5 Kf7 40.h4 
Rc1 41.a6 Rc8 42.Bd4 Rc7 43.Kf4 Rc1 44.Bxa7 Rc3 45.Bb5 Rb3 46.Bc6 Rc3 47.
Bb7 Rc4+ 48.Ke3 Rc3+ 49.Kf2 1-0

[Event "1st EUR-ch"]
[Site "Saint Vincent ITA"]
[Date "2000.07.07"]
[Round "5"]
[White "Tiviakov, Sergei"]
[Black "Simonenko, Sergei"]
[Result "1/2-1/2"]
[WhiteElo "2608"]
[BlackElo "2465"]
[EventDate "2000.07.03"]
[PlyCount "64"]

1.e4 d5 2.exd5 Qxd5 3.Nc3 Qa5 4.d4 Nf6 5.Nf3 c6 6.Bc4 Bf5 7.Bd2 e6 8.Ne4 
Qd8 9.Ng3 Bg6 10.Bb3 Nbd7 11.Qe2 Qc7 12.O-O Bd6 13.Rfe1 O-O-O 14.a4 e5 15.
Be3 exd4 16.Bxd4 Rhe8 17.Qc4 Qa5 18.c3 Nb6 19.Qf1 c5 20.Bxf6 gxf6 21.Rxe8 
Rxe8 22.Nd2 Bf4 23.Nc4 Nxc4 24.Qxc4 Qc7 25.Rd1 Rd8 26.h4 Qe5 27.Rxd8+ Kxd8
28.Ne2 Bh6 29.Qd5+ Qxd5 30.Bxd5 b6 31.f4 Bd3 32.Kf2 Bxe2 1/2-1/2

[Event "1st EUR-ch"]
[Site "Saint Vincent ITA"]
[Date "2000.07.07"]
[Round "5"]
[White "Tregubov, Pavel"]
[Black "Lalic, Bogdan"]
[Result "1-0"]
[WhiteElo "2620"]
[BlackElo "2520"]
[EventDate "2000.07.03"]
[PlyCount "53"]

1.d4 Nf6 2.c4 g6 3.g3 Bg7 4.Bg2 O-O 5.Nc3 d6 6.Nf3 Nc6 7.O-O e5 8.d5 Ne7 
9.e4 Kh8 10.Ne1 Nd7 11.Nd3 c6 12.Kh1 cxd5 13.cxd5 f5 14.f4 exf4 15.Bxf4 
fxe4 16.Nxe4 Nxd5 17.Bg5 Qb6 18.Qe2 Rxf1+ 19.Rxf1 Ne5 20.Nxd6 Bg4 21.Nxe5 
Bxe2 22.Nef7+ Kg8 23.Nh6+ Bxh6 24.Bxd5+ Kh8 25.Nf7+ Kg7 26.Bxh6+ Kg8 27.
Nd8+ 1-0

[Event "1st EUR-ch"]
[Site "Saint Vincent ITA"]
[Date "2000.07.07"]
[Round "5"]
[White "Vallejo Pons, Francisco"]
[Black "Drei, Andrea"]
[Result "1-0"]
[WhiteElo "2554"]
[BlackElo "2350"]
[EventDate "2000.07.03"]
[PlyCount "99"]

1.c4 Nf6 2.g3 e5 3.Bg2 d5 4.cxd5 Nxd5 5.Nc3 Nb6 6.Nf3 Nc6 7.O-O Be7 8.a3 
O-O 9.b4 Re8 10.d3 Bf8 11.Re1 a5 12.b5 Nd4 13.e3 Nxf3+ 14.Bxf3 Rb8 15.Be4 
Be6 16.Qh5 g6 17.Qe2 Qd7 18.Bb2 Red8 19.Qf3 Qc8 20.Qe2 Qd7 21.Qf3 Qc8 22.
d4 Nc4 23.Bc1 f5 24.Bb1 exd4 25.exd4 Rxd4 26.Ba2 Bf7 27.Bg5 Qd7 28.Bf6 Nd2
29.Qe2 Rd3 30.Kh1 Bxa2 31.Rxa2 Ne4 32.Nxe4 Qd5 33.f3 fxe4 34.fxe4 Qxb5 35.
Rc2 c6 36.Rb2 Rb3 37.Qg4 Re8 38.Rf2 Rb1 39.Re2 Rxe1+ 40.Rxe1 Qb3 41.Ba1 
Bxa3 42.Qg5 Qf3+ 43.Kg1 b6 44.Bd4 c5 45.Bf6 Qh5 46.Qe3 Bb4 47.Qb3+ Kf8 48.
Rf1 Qe2 49.Be7+ Kxe7 50.Rf7+ 1-0

[Event "1st EUR-ch"]
[Site "Saint Vincent ITA"]
[Date "2000.07.07"]
[Round "5"]
[White "Yakovich, Yury"]
[Black "Beshukov, Sergei"]
[Result "1-0"]
[WhiteElo "2585"]
[BlackElo "2428"]
[EventDate "2000.07.03"]
[PlyCount "53"]

1.d4 d5 2.c4 c6 3.Nc3 dxc4 4.e4 b5 5.a4 b4 6.Nb1 Ba6 7.Nf3 e6 8.Bg5 Qa5 9.
Qc1 h6 10.Be3 Nf6 11.e5 Nd5 12.Bxc4 Bxc4 13.Qxc4 Qa6 14.Nbd2 Qxc4 15.Nxc4 
c5 16.Ke2 Nd7 17.Rhc1 Be7 18.Na5 Nxe3 19.fxe3 cxd4 20.exd4 Nb6 21.Rc7 Bd8 
22.Rb7 Rc8 23.Kd2 Rc7 24.Rc1 Kd7 25.Rcxc7+ Bxc7 26.Rxa7 Nxa4 27.Nc4 1-0

[Event "1st EUR-ch"]
[Site "Saint Vincent ITA"]
[Date "2000.07.08"]
[Round "6"]
[White "Alexandrov, Alexei"]
[Black "Kharlov, Andrei"]
[Result "1/2-1/2"]
[WhiteElo "2591"]
[BlackElo "2627"]
[EventDate "2000.07.03"]
[PlyCount "37"]

1.d4 d5 2.c4 e6 3.Nc3 c6 4.e3 Nf6 5.Nf3 Nbd7 6.Bd3 dxc4 7.Bxc4 b5 8.Be2 b4
9.Na4 Bb7 10.O-O Be7 11.a3 a5 12.Qc2 O-O 13.axb4 axb4 14.Bd2 Ra5 15.Qb3 c5
16.dxc5 Nxc5 17.Nxc5 Rxa1 18.Rxa1 Bxc5 19.Be1 1/2-1/2

[Event "1st EUR-ch"]
[Site "Saint Vincent ITA"]
[Date "2000.07.08"]
[Round "6"]
[White "Anastasian, Ashot"]
[Black "Shevelev, Arkady"]
[Result "1-0"]
[WhiteElo "2571"]
[BlackElo "2354"]
[EventDate "2000.07.03"]
[PlyCount "80"]

1.Nf3 Nf6 2.d4 d5 3.c4 dxc4 4.Nc3 a6 5.a4 Nc6 6.e4 Bg4 7.e5 Nd5 8.Bxc4 e6 
9.Nxd5 exd5 10.Be2 Bb4+ 11.Bd2 Qe7 12.Bc3 O-O 13.O-O Rad8 14.h3 Bh5 15.Qb3
Bxc3 16.bxc3 Na5 17.Qa2 c5 18.Rfe1 Nc6 19.Rad1 cxd4 20.cxd4 Nb4 21.Qd2 a5 
22.Nh2 Bxe2 23.Qxe2 Rc8 24.Qb5 Rc4 25.Nf3 Qe6 26.Qxb7 Qc6 27.Qe7 Re8 28.
Qh4 Nc2 29.Re2 Qxa4 30.Qf4 Nb4 31.Ree1 Nc2 32.Re2 Nb4 33.Rdd2 Qc6 34.Nh4 
g6 35.Nf3 Qe6 36.Qh6 g5 37.Qxg5+ Qg6 38.Qf4 Nd3 39.Rxd3 Qxd3 40.Re3 Qb1+ 
1-0

[Event "1st EUR-ch"]
[Site "Saint Vincent ITA"]
[Date "2000.07.08"]
[Round "6"]
[White "Bauer, Christian"]
[Black "Fedorov, Alexei"]
[Result "1/2-1/2"]
[WhiteElo "2562"]
[BlackElo "2646"]
[EventDate "2000.07.03"]
[PlyCount "49"]

1.d4 Nf6 2.Nf3 g6 3.g3 Bg7 4.Bg2 O-O 5.O-O d6 6.a4 Nbd7 7.Nc3 c6 8.e4 e5 
9.h3 Qc7 10.Be3 b6 11.Qd2 Re8 12.Bh6 Bh8 13.Rad1 Bb7 14.dxe5 dxe5 15.Qd6 
Rac8 16.Rfe1 Bg7 17.Bxg7 Kxg7 18.h4 Nc5 19.b3 Re7 20.Bh3 Qxd6 21.Rxd6 Rcc7
22.Rd8 Ne6 23.Rdd1 Nc5 24.Rd8 Ne6 25.Rdd1 1/2-1/2

[Event "1st EUR-ch"]
[Site "Saint Vincent ITA"]
[Date "2000.07.08"]
[Round "6"]
[White "Beliavsky, Alexander"]
[Black "Vallejo Pons, Francisco"]
[Result "1-0"]
[WhiteElo "2654"]
[BlackElo "2554"]
[EventDate "2000.07.03"]
[PlyCount "61"]

1.d4 f5 2.g3 Nf6 3.Bg2 g6 4.Nh3 Nc6 5.d5 Ne5 6.b3 Bg7 7.Bb2 d6 8.O-O O-O 
9.c4 Bd7 10.Nc3 Rb8 11.Qd2 c5 12.f4 Nf7 13.Nf2 a6 14.e4 b5 15.Rfe1 fxe4 
16.cxb5 axb5 17.Ncxe4 b4 18.h3 Ra8 19.g4 Ra7 20.Ng3 Ne8 21.g5 Bxb2 22.Qxb2
Ng7 23.Be4 e5 24.dxe6 Bxe6 25.Rad1 Re7 26.Bg2 Bf5 27.Bd5 Kh8 28.h4 h5 29.
Nxf5 gxf5 30.Qf6 Rd7 31.Bxf7 1-0

[Event "1st EUR-ch"]
[Site "Saint Vincent ITA"]
[Date "2000.07.08"]
[Round "6"]
[White "Bunzmann, Dimitrij"]
[Black "Gdanski, Jacek"]
[Result "1-0"]
[WhiteElo "2484"]
[BlackElo "2557"]
[EventDate "2000.07.03"]
[PlyCount "41"]

1.d4 g6 2.c4 Bg7 3.Nc3 c5 4.d5 f5 5.h4 Bxc3+ 6.bxc3 Nf6 7.h5 Rg8 8.hxg6 
hxg6 9.g4 fxg4 10.d6 Qa5 11.Qd3 Nc6 12.Bf4 b6 13.Bg2 Bb7 14.dxe7 d5 15.
Bxd5 Nxd5 16.cxd5 c4 17.Qe3 Qxd5 18.Rh7 g5 19.Bc7 Rg6 20.Rd1 Qe6 21.Qd2 
1-0

[Event "1st EUR-ch"]
[Site "Saint Vincent ITA"]
[Date "2000.07.08"]
[Round "6"]
[White "Ciuffoletti, Paolo"]
[Black "Gelashvili, Tamaz"]
[Result "0-1"]
[WhiteElo "2178"]
[BlackElo "2519"]
[EventDate "2000.07.03"]
[PlyCount "48"]

1.e4 Nc6 2.Nf3 d6 3.d4 Nf6 4.Nc3 Bg4 5.Bb5 a6 6.Bxc6+ bxc6 7.O-O e6 8.Qe2 
d5 9.h3 Bh5 10.Bg5 h6 11.Bxf6 gxf6 12.g4 Bg6 13.Nh4 Bh7 14.exd5 cxd5 15.f4
c5 16.f5 cxd4 17.Na4 Qd6 18.fxe6 fxe6 19.Rxf6 Be4 20.Qf2 Be7 21.Ng2 Bxf6 
22.Qxf6 Rf8 23.Qxh6 Ra7 24.Re1 Rh7 0-1

[Event "1st EUR-ch"]
[Site "Saint Vincent ITA"]
[Date "2000.07.08"]
[Round "6"]
[White "Conquest, Stuart"]
[Black "Berg, Emanuel"]
[Result "1-0"]
[WhiteElo "2529"]
[BlackElo "2456"]
[EventDate "2000.07.03"]
[PlyCount "47"]

1.d4 f5 2.c4 g6 3.h4 Bg7 4.h5 c5 5.d5 Qb6 6.Nc3 g5 7.Qc2 Qf6 8.e4 d6 9.Nf3
g4 10.Nh4 f4 11.Bd3 Nh6 12.g3 f3 13.e5 Qxe5+ 14.Be3 Qxh5 15.O-O-O Qf7 16.
Ne4 Nf5 17.Nxf5 Bxf5 18.Ng5 Bxd3 19.Qa4+ b5 20.Qxb5+ Nd7 21.Nxf7 Rb8 22.
Qxb8+ Nxb8 23.Nxh8 Be4 24.Rde1 1-0

[Event "1st EUR-ch"]
[Site "Saint Vincent ITA"]
[Date "2000.07.08"]
[Round "6"]
[White "David, Alberto"]
[Black "Galkin, Alexander"]
[Result "1/2-1/2"]
[WhiteElo "2487"]
[BlackElo "2587"]
[EventDate "2000.07.03"]
[PlyCount "34"]

1.c4 e6 2.Nf3 d5 3.d4 c6 4.Nc3 dxc4 5.Bg5 Be7 6.Bxe7 Nxe7 7.a4 Nd5 8.a5 b5
9.axb6 Nxb6 10.e3 N8d7 11.Nd2 O-O 12.Nxc4 c5 13.Na5 cxd4 14.Qxd4 Nf6 15.
Qxd8 Rxd8 16.Be2 Bd7 17.O-O Nbd5 1/2-1/2

[Event "1st EUR-ch"]
[Site "Saint Vincent ITA"]
[Date "2000.07.08"]
[Round "6"]
[White "Efimov, Igor"]
[Black "Shirazi, Kamran"]
[Result "1-0"]
[WhiteElo "2520"]
[BlackElo "2414"]
[EventDate "2000.07.03"]
[PlyCount "55"]

1.Nf3 Nf6 2.c4 e6 3.Nc3 d5 4.d4 Be7 5.Bf4 O-O 6.e3 c5 7.dxc5 Bxc5 8.a3 Nc6
9.b4 Bb6 10.Bg5 h6 11.Bh4 Re8 12.cxd5 exd5 13.Bxf6 Qxf6 14.Nxd5 Qg6 15.Bd3
Qh5 16.Nf4 Qg4 17.O-O Rxe3 18.fxe3 Bxe3+ 19.Kh1 Bxf4 20.b5 Ne7 21.Bc4 Bf5 
22.Bxf7+ Kh8 23.Qe1 Bd6 24.Rd1 Bc5 25.Rc1 Bd3 26.Ne5 Qd4 27.Nxd3 Bxa3 28.
Rd1 1-0

[Event "1st EUR-ch"]
[Site "Saint Vincent ITA"]
[Date "2000.07.08"]
[Round "6"]
[White "Epishin, Vladimir"]
[Black "Dervishi, Erald"]
[Result "1/2-1/2"]
[WhiteElo "2567"]
[BlackElo "2478"]
[EventDate "2000.07.03"]
[PlyCount "149"]

1.d4 Nf6 2.c4 e6 3.Nf3 d5 4.Nc3 Be7 5.Bf4 O-O 6.e3 c5 7.dxc5 Bxc5 8.a3 Nc6
9.b4 Be7 10.cxd5 Nxd5 11.Nxd5 exd5 12.Bd3 Bf6 13.Rc1 a6 14.O-O Be6 15.Qd2 
Qe7 16.Rfe1 Rac8 17.h3 Rfd8 18.Rc2 h6 19.Rec1 Qd7 20.a4 Bf5 21.Bxf5 Qxf5 
22.b5 axb5 23.axb5 Ne7 24.Bc7 Rd7 25.Bb6 Rxc2 26.Qxc2 Qe6 27.Bd4 Rd8 28.
Qb2 Bxd4 29.Nxd4 Qb6 30.Qa3 Rd7 31.Nf3 Rc7 32.Rb1 Nc8 33.Qa1 Qd6 34.Nd4 g6
35.b6 Rc4 36.Qa8 Qd7 37.Qb8 Kh7 38.Qe5 Qd6 39.Nf3 Rc6 40.Qe8 Qe6 41.Qd8 
Qd6 42.Qe8 Qe6 43.Qxe6 Rxe6 44.Rc1 Nxb6 45.Rc7 Kg7 46.Rxb7 Nc4 47.Rb5 Rd6 
48.g4 Kf6 49.Kg2 Ne5 50.Nd4 Nd7 51.f4 Nf8 52.Kg3 Ne6 53.Nf3 Kg7 54.Ra5 Nd8
55.Ra7 Nc6 56.Rc7 d4 57.e4 d3 58.Nd2 Nd4 59.f5 gxf5 60.gxf5 Rc6 61.Rxc6 
Nxc6 62.Kf4 Kf6 63.Ke3 Ne5 64.Kd4 h5 65.h4 Ng4 66.Kxd3 Ke5 67.Nc4+ Kf4 68.
Kd4 f6 69.Kd5 Kg3 70.Ke6 Kxh4 71.e5 Kg5 72.exf6 Nxf6 73.Nd2 Nh7 74.Ke5 h4 
75.Nf3+ 1/2-1/2

[Event "1st EUR-ch"]
[Site "Saint Vincent ITA"]
[Date "2000.07.08"]
[Round "6"]
[White "Franco Ocampos, Zenon"]
[Black "Miljanic, Boro"]
[Result "1/2-1/2"]
[WhiteElo "2512"]
[BlackElo "2401"]
[EventDate "2000.07.03"]
[PlyCount "95"]

1.c4 g6 2.g3 Bg7 3.Bg2 d6 4.Nc3 e5 5.e4 Nc6 6.Nge2 Nge7 7.O-O Be6 8.d3 Qd7
9.Nd5 O-O 10.Be3 f5 11.Qd2 Rf7 12.Nxe7+ Qxe7 13.exf5 gxf5 14.Rae1 f4 15.
gxf4 Raf8 16.fxe5 Nxe5 17.Nd4 c6 18.Bg5 Bf6 19.Bxf6 Qxf6 20.Nxe6 Qxe6 21.
d4 Rg7 22.f4 Nxc4 23.Qc3 Qf7 24.Rf2 Nb6 25.Kh1 Qxa2 26.Bh3 Qd5+ 27.Rf3 Kh8
28.Be6 Qh5 29.f5 Qg5 30.Rg3 Qf6 31.Rxg7 Kxg7 32.Qg3+ Kh8 33.Rg1 h6 34.Qe3 
Kh7 35.Qf4 Qxe6 36.Rg7+ Kh8 37.fxe6 Rxf4 38.e7 Kxg7 39.e8=Q Nd5 40.h3 Rf7 
41.Qb8 b5 42.Qxd6 Rf6 43.Qd7+ Kh8 44.Qxa7 Kg8 45.Qd7 Kh8 46.Qd8+ Kg7 47.
Kh2 Kh7 48.Qd7+ 1/2-1/2

[Event "1st EUR-ch"]
[Site "Saint Vincent ITA"]
[Date "2000.07.08"]
[Round "6"]
[White "Fressinet, Laurent"]
[Black "Mikhalevski, Alexander"]
[Result "1-0"]
[WhiteElo "2536"]
[BlackElo "2464"]
[EventDate "2000.07.03"]
[PlyCount "79"]

1.e4 e5 2.Nf3 Nc6 3.Bb5 a6 4.Bxc6 dxc6 5.O-O Ne7 6.Nxe5 Qd4 7.Qh5 g6 8.Qg5
Bg7 9.Nd3 f5 10.e5 Qg4 11.f4 Qxg5 12.fxg5 h6 13.gxh6 Rxh6 14.Re1 g5 15.Nf2
c5 16.d4 cxd4 17.Bxg5 Re6 18.Nd3 Ng6 19.Nd2 Nxe5 20.Nf4 Kf7 21.Nxe6 Bxe6 
22.Bf4 Ng6 23.Bg3 Bf6 24.Nb3 Rc8 25.Nc5 Bd5 26.Rf1 b6 27.Rxf5 Ne7 28.Rf2 
bxc5 29.Bh4 Ng8 30.Bxf6 Nxf6 31.Raf1 Ke7 32.Rxf6 Be4 33.R6f2 Kd6 34.Re1 
Kd5 35.b3 Rg8 36.Rfe2 Bg6 37.Re5+ Kc6 38.Rg5 Kb5 39.Ree5 Kb4 40.Rxc5 1-0

[Event "1st EUR-ch"]
[Site "Saint Vincent ITA"]
[Date "2000.07.08"]
[Round "6"]
[White "Krasenkow, Michal"]
[Black "Godena, Michele"]
[Result "1-0"]
[WhiteElo "2702"]
[BlackElo "2485"]
[EventDate "2000.07.03"]
[PlyCount "53"]

1.d4 d5 2.c4 c6 3.Nc3 Nf6 4.Nf3 e6 5.e3 a6 6.a3 Nbd7 7.b4 Bd6 8.Bb2 Qe7 9.
c5 Bc7 10.Na4 O-O 11.Be2 e5 12.dxe5 Nxe5 13.Nb6 Rb8 14.Nd4 Re8 15.Nxc8 
Rbxc8 16.Qc2 g6 17.O-O Bb8 18.Rae1 Neg4 19.Bxg4 Nxg4 20.f4 Nf6 21.Nf5 Qe4 
22.Nh6+ Kf8 23.Qc3 Re6 24.Ng4 d4 25.exd4 Qf5 26.d5 Rxe1 27.Rxe1 1-0

[Event "1st EUR-ch"]
[Site "Saint Vincent ITA"]
[Date "2000.07.08"]
[Round "6"]
[White "Lalic, Bogdan"]
[Black "Galego, Luis"]
[Result "1-0"]
[WhiteElo "2520"]
[BlackElo "2419"]
[EventDate "2000.07.03"]
[PlyCount "67"]

1.d4 Nf6 2.c4 e6 3.Nc3 Bb4 4.Qc2 c5 5.dxc5 Qa5 6.Bd2 Na6 7.a3 Nxc5 8.Rd1 
Bxc3 9.Bxc3 Qa4 10.Qxa4 Nxa4 11.Be5 b6 12.f3 Ba6 13.e4 Rc8 14.b3 Nc5 15.b4
Na4 16.b5 Bb7 17.Bd6 Kd8 18.Nh3 Ne8 19.Bb4 h6 20.Nf2 a5 21.bxa6 Bxa6 22.
Ng4 f6 23.Ne3 Rc6 24.Be2 Nb2 25.Rc1 Nd6 26.c5 bxc5 27.Rxc5 Rxc5 28.Bxc5 
Nb5 29.Kf2 Na4 30.Bb4 Kc7 31.Ba5+ Kb7 32.Rb1 Kc6 33.Rb4 Nc5 34.a4 1-0

[Event "1st EUR-ch"]
[Site "Saint Vincent ITA"]
[Date "2000.07.08"]
[Round "6"]
[White "Lobron, Eric"]
[Black "Yakovich, Yury"]
[Result "1/2-1/2"]
[WhiteElo "2530"]
[BlackElo "2585"]
[EventDate "2000.07.03"]
[PlyCount "52"]

1.e4 c5 2.Nf3 Nc6 3.Bb5 g6 4.Bxc6 bxc6 5.O-O Bg7 6.Re1 Nh6 7.c3 O-O 8.h3 
f6 9.d4 cxd4 10.cxd4 d6 11.Nc3 Nf7 12.b3 f5 13.e5 dxe5 14.dxe5 Qxd1 15.
Nxd1 c5 16.Bb2 Bb7 17.e6 Nd8 18.Bxg7 Kxg7 19.Ne5 Rf6 20.Nc3 Rxe6 21.Na4 
Rc8 22.Rac1 Nf7 23.Nd3 Rxe1+ 24.Rxe1 c4 25.bxc4 Rxc4 26.Rxe7 Rxa4 1/2-1/2

[Event "1st EUR-ch"]
[Site "Saint Vincent ITA"]
[Date "2000.07.08"]
[Round "6"]
[White "Miles, Anthony"]
[Black "Bellini, Fabio"]
[Result "1/2-1/2"]
[WhiteElo "2584"]
[BlackElo "2484"]
[EventDate "2000.07.03"]
[PlyCount "79"]

1.Nf3 d5 2.b3 Bg4 3.e3 Nd7 4.Bb2 c6 5.Be2 Ngf6 6.d3 g6 7.Nbd2 Bg7 8.O-O 
O-O 9.c4 e6 10.Rc1 Qe7 11.h3 Bxf3 12.Nxf3 Ne8 13.Qd2 Bxb2 14.Qxb2 dxc4 15.
bxc4 b6 16.a4 Nd6 17.a5 e5 18.Nd2 Rab8 19.Qa3 Nc5 20.Rfd1 Rfd8 21.Bf1 Nf5 
22.Nb3 Nxb3 23.Qxb3 Qc5 24.Ra1 h5 25.Rdc1 Kg7 26.Qb2 Rd6 27.axb6 axb6 28.
Ra6 Rf6 29.Rb1 b5 30.Qb4 Qxb4 31.Rxb4 h4 32.Be2 Rc8 33.Ra7 bxc4 34.Rxc4 
Rb8 35.Ra2 Rb1+ 36.Kh2 Nd6 37.Rxc6 Rxf2 38.Rxd6 Re1 39.Rd5 e4 40.dxe4 
1/2-1/2

[Event "1st EUR-ch"]
[Site "Saint Vincent ITA"]
[Date "2000.07.08"]
[Round "6"]
[White "Morovic, Ivan"]
[Black "Mittelman, Gur"]
[Result "1-0"]
[WhiteElo "2608"]
[BlackElo "2419"]
[EventDate "2000.07.03"]
[PlyCount "49"]

1.e4 c6 2.d4 d5 3.Nc3 dxe4 4.Nxe4 Bf5 5.Ng3 Bg6 6.h4 h6 7.Nf3 Nf6 8.Ne5 
Bh7 9.Bd3 Bxd3 10.Qxd3 e6 11.Bf4 Be7 12.O-O-O Nbd7 13.Kb1 O-O 14.Ne4 Nxe4 
15.Qxe4 Nf6 16.Qe2 Qb6 17.Rh3 a5 18.Rb3 Qa7 19.Rg3 Kh8 20.Rdd3 Rad8 21.c3 
Qa6 22.c4 Qb6 23.Qd1 Ne4 24.Bxh6 gxh6 25.Qh5 1-0

[Event "1st EUR-ch"]
[Site "Saint Vincent ITA"]
[Date "2000.07.08"]
[Round "6"]
[White "Nadanian, Ashot"]
[Black "Sax, Gyula"]
[Result "1-0"]
[WhiteElo "2413"]
[BlackElo "2563"]
[EventDate "2000.07.03"]
[PlyCount "71"]

1.d4 Nf6 2.c4 e6 3.Nf3 b6 4.g3 Ba6 5.b3 Bb4+ 6.Bd2 Be7 7.Bg2 c6 8.Bc3 d5 
9.Ne5 Nfd7 10.Nd3 dxc4 11.Nb4 cxb3 12.Nxa6 Nxa6 13.Qxb3 Rc8 14.Qa4 Ndb8 
15.O-O O-O 16.Rd1 b5 17.Qb3 Qb6 18.a4 b4 19.a5 Qb5 20.Bb2 Qxe2 21.Nd2 c5 
22.Bf1 Qh5 23.dxc5 Nxc5 24.Qxb4 Nd3 25.Qxe7 Nxb2 26.Rdb1 Rc2 27.Qd6 Qd5 
28.Qxd5 exd5 29.Nf3 Nc4 30.Rb5 Rd8 31.Rd1 Nc6 32.Rc5 N6xa5 33.Rdxd5 Rf8 
34.Ne5 Nxe5 35.Rxc2 Nac6 36.Rc3 1-0

[Event "1st EUR-ch"]
[Site "Saint Vincent ITA"]
[Date "2000.07.08"]
[Round "6"]
[White "Odeev, Handszar"]
[Black "Tiviakov, Sergei"]
[Result "0-1"]
[WhiteElo "2442"]
[BlackElo "2608"]
[EventDate "2000.07.03"]
[PlyCount "64"]

1.e4 c5 2.Nf3 d6 3.d4 cxd4 4.Nxd4 Nf6 5.Nc3 g6 6.Be2 Bg7 7.O-O Nc6 8.Nb3 
O-O 9.Re1 Be6 10.Bg5 Rc8 11.Bf1 Nd7 12.Qd2 a5 13.Bh6 Bxh6 14.Qxh6 a4 15.
Nxa4 Nb4 16.Nd4 Nxc2 17.Nxc2 Rxc2 18.Bd3 Rc8 19.Qd2 Ne5 20.Be2 Ra8 21.Nc3 
Qb6 22.Bb5 Bxa2 23.Kh1 Bc4 24.Rxa8 Rxa8 25.Bxc4 Nxc4 26.Qe2 Qb3 27.h3 Nxb2
28.Nd5 Nd3 29.Qe3 Re8 30.Nc7 Qc3 31.Nxe8 Qxe1+ 32.Qxe1 Nxe1 0-1

[Event "1st EUR-ch"]
[Site "Saint Vincent ITA"]
[Date "2000.07.08"]
[Round "6"]
[White "Rabinovich, Alexander"]
[Black "Solak, Dragan"]
[Result "1/2-1/2"]
[WhiteElo "2424"]
[BlackElo "2490"]
[EventDate "2000.07.03"]
[PlyCount "42"]

1.d4 Nf6 2.Bg5 c5 3.dxc5 Qa5+ 4.Qd2 Qxc5 5.Qc3 Na6 6.Qxc5 Nxc5 7.Nc3 Nfe4 
8.Nxe4 Nxe4 9.Bf4 g5 10.Be3 Bg7 11.O-O-O h6 12.f3 Nd6 13.Bd4 Bxd4 14.Rxd4 
Nf5 15.Rd3 d6 16.e4 Nh4 17.Rb3 b6 18.Bb5+ Bd7 19.Bxd7+ Kxd7 20.g3 Ng6 21.
Ne2 Ne5 1/2-1/2

[Event "1st EUR-ch"]
[Site "Saint Vincent ITA"]
[Date "2000.07.08"]
[Round "6"]
[White "Rasmussen, Karsten"]
[Black "Mikhalevski, Victor"]
[Result "0-1"]
[WhiteElo "2417"]
[BlackElo "2532"]
[EventDate "2000.07.03"]
[PlyCount "88"]

1.c4 Nf6 2.Nc3 d5 3.cxd5 Nxd5 4.g3 g6 5.Bg2 Nxc3 6.bxc3 Bg7 7.Rb1 Nc6 8.h4
h6 9.Nf3 O-O 10.O-O b6 11.h5 gxh5 12.Rb5 Bg4 13.Nh2 Qd7 14.Nxg4 hxg4 15.
Qa4 Rad8 16.Rd5 Qe6 17.Rxd8 Nxd8 18.Qxa7 Qxe2 19.Qxc7 b5 20.Qf4 Ne6 21.Qe4
Qxe4 22.Bxe4 Rd8 23.Bf5 Nc5 24.Bxg4 Nd3 25.Ba3 Ne5 26.Be2 Rxd2 27.Bxb5 e6 
28.Bb4 Rxa2 29.Kg2 Ng4 30.Kg1 Bf8 31.Bd3 Bxb4 32.cxb4 Ne5 33.Be4 Re2 34.
Bg2 Rb2 35.Rc1 Nd3 36.Rd1 Nxf2 37.Rd8+ Kg7 38.Rb8 Ng4 39.Ba8 Rb3 40.Kg2 
Ne3+ 41.Kf2 Nf5 42.Bf3 Rb2+ 43.Kg1 Nxg3 44.b5 Ne2+ 0-1